| 000 | nam a22 a 4500 | ||
|---|---|---|---|
| 999 |
_c475550 _d475550 |
||
| 003 | BLK | ||
| 005 | 20221010160817.0 | ||
| 008 | 220907b bu |||||r|||| 00| | bu d | ||
| 040 | _aBLK | ||
| 041 |
_aBUL _cBUL |
||
| 080 |
_aРуска литература _b821.161.1 _x-32 _z821.161.1-32 |
||
| 100 |
_9365685 _aТургенев, Иван Сергеевич _eпърви автор |
||
| 139 | _aТургенев, Иван Сергеевич | ||
| 245 |
_aПърва любов. Ася. Пролетни води _bПовести _cИван С. Тургенев ; прев. от рус. Вера Гешева, Илиана Владова-Георгиева, послесл. Георги Германов. |
||
| 260 |
_9209547 _aСофия _bНар. култура _c1975 _n954-04- |
||
| 300 |
_a264 с. _c21 см |
||
| 380 | _aX | ||
| 500 | _aОриг. загл. Първа любов ; Ася ; Вешные воды / Иван С. Тургенев 1. изд. 1971 в Романи и повести, Т. 1 | ||
| 700 |
_9284529 _aГешева, Вера _eпрев. от рус. |
||
| 700 |
_9319995 _aВладова-Георгиева, Илиана _eпрев. от рус. |
||
| 700 |
_9958 _aГерманов, Георги _eпослесл. |
||
| 852 |
_aЦб 79164 _bЦб |
||
| 856 |
_i0.00 _ldisable |
||
| 942 |
_cKNG _n0 _s1 |
||
| 944 |
_aCR _c2022-10-10 _kир |
||
| 999 | _d475550 | ||
| 999 | _d475550 | ||